Information theory: Coding and cryptography
Đã lưu trong:
| Príomhúdar: | |
|---|---|
| Formáid: | Leabhar |
| Teanga: | Undetermined |
| Foilsithe: |
New Delhi, India
Tata McGraw-Hill
2002
|
| Ábhair: | |
| Clibeanna: |
Cuir Clib Leis
Gan Chlibeanna, Bí ar an gcéad duine leis an taifead seo a chlibeáil!
|
| Thư viện lưu trữ: | Trung tâm Học liệu Trường Đại học Cần Thơ |
|---|
| LEADER | 00513nam a2200181Ia 4500 | ||
|---|---|---|---|
| 001 | CTU_58167 | ||
| 008 | 210402s9999 xx 000 0 und d | ||
| 082 | |a 652.8 | ||
| 082 | |b B743 | ||
| 100 | |a Ranjan Bose | ||
| 245 | 0 | |a Information theory: Coding and cryptography | |
| 245 | 0 | |c Ranjan Bose | |
| 260 | |a New Delhi, India | ||
| 260 | |b Tata McGraw-Hill | ||
| 260 | |c 2002 | ||
| 650 | |a information theory,coding theory,cryptography | ||
| 904 | |i Minh | ||
| 980 | |a Trung tâm Học liệu Trường Đại học Cần Thơ | ||